Women in sport : sociological and historical perspectives /

Bibliographic Details
Other Authors: Reeder, Amy L., Fuller, John R.
Format: Book
Language:English
Published: Carrollton, Ga. : Orders to Studies in the Social Sciences, West Georgia College, 1985.
Series:Studies in the social sciences (West Georgia College) ; v. 24.
Subjects:

MARC

Tag First Indicator Second Indicator Subfields
LEADER 00000cam a2200000 a 4500
001 in00000011185
005 20151007052013.0
008 860117s1985 gaua b s00000 eng
010 |a  86106432  
020 |c $4.00 (pbk.) 
035 |a (OCoLC)13526112 
035 |9 AAA5858AM 
040 |a DLC  |c DLC  |d m/c  |d TXA  |d UtOrBLW 
043 |a n-us--- 
049 |a TXAM  |c [A12644883] 
050 0 0 |a GV709  |b .W573 1985 
082 0 |a 796/.01/94  |2 19 
245 0 0 |a Women in sport :  |b sociological and historical perspectives /  |c edited by Amy L. Reeder and John R. Fuller. 
264 1 |a Carrollton, Ga. :  |b Orders to Studies in the Social Sciences, West Georgia College,  |c 1985. 
300 |a v, 72 pages :  |b illustrations ;  |c 23 cm. 
336 |a text  |b txt  |2 rdacontent 
337 |a unmediated  |b n  |2 rdamedia 
338 |a volume  |b nc  |2 rdacarrier 
490 1 |a West Georgia College studies in the social sciences,  |x 0081-8682 ;  |v v. 24 
500 |a Cover title. 
504 |a Includes bibliographies. 
650 0 |a Sports for women  |z United States  |x History. 
650 0 |a Sports for women  |x Social aspects  |z United States. 
700 1 |a Reeder, Amy L. 
700 1 |a Fuller, John R. 
830 0 |a Studies in the social sciences (West Georgia College) ;  |v v. 24. 
999 |a MARS 
999 f f |s 4c218e47-ab08-3893-bc1f-0b45ef711f80  |i e8ea44a4-a155-39e5-8770-26281ab9471b  |t 0 
952 f f |p ric  |a Texas A&M University  |b Rellis Campus  |c Joint Library Facility  |d Remote Storage  |t 0  |e GV709 .W573 1985  |h Library of Congress classification  |i unmediated -- volume  |m A14812644883 
998 f f |a GV709 .W573 1985  |t 0  |l Remote Storage